|
|
|
|
| LEADER |
00000nam0a2200000 4500 |
| 001 |
669791 |
| 090 |
|
|
|a 669791
|
| 100 |
|
|
|a 20231130d2023 k||y0rusy50 ca
|
| 101 |
0 |
|
|a rus
|
| 102 |
|
|
|a RU
|
| 105 |
|
|
|a a dm 001yy
|
| 181 |
|
0 |
|a i
|b e
|
| 182 |
|
0 |
|a n
|
| 183 |
|
0 |
|a nc
|2 RDAcarrier
|
| 200 |
|
|
|a Синтез и постмодификация кремнийсодержащих метатезисных политрициклодекадиенов
|e автореферат диссертации на соискание ученой степени кандидата химических наук
|e спец. 1.4.7
|f Жигарев Всеволод Александрович
|g Институт нефтехимического синтеза РАН ; науч. рук. М. Л. Грингольц
|
| 203 |
|
|
|a Текст
|b визуальный
|c непосредственный
|
| 210 |
|
1 |
|a Москва
|d 2023
|
| 215 |
|
|
|a 24 с.
|c ил.
|
| 283 |
|
|
|a volume
|2 RDAcarrier
|
| 300 |
|
|
|a Защита сост. 07.12.2023 г.
|
| 320 |
|
|
|a Библиогр.: с. 23-24 (17 назв.)
|
| 606 |
1 |
|
|a Кремнийсодержащие полимеры
|9 88474
|
| 610 |
1 |
|
|a высокомолекулярные соединения
|
| 610 |
1 |
|
|a мономеры
|
| 610 |
1 |
|
|a синтез
|
| 610 |
1 |
|
|a термические свойства
|
| 610 |
1 |
|
|a газоразделительные свойства
|
| 610 |
1 |
|
|a метатезисные кремнийзамещенные политрициклодекадиены
|
| 610 |
1 |
|
|a полимеризация
|
| 610 |
1 |
|
|a политрициклодекатриены
|
| 610 |
1 |
|
|a авторефераты диссертаций
|
| 675 |
|
|
|a 678.84(04)
|v 4
|z rus
|
| 686 |
|
|
|2 oksvnk
|a 02.00.06
|
| 700 |
|
1 |
|a Жигарев
|b В. А.
|g Всеволод Александрович
|
| 702 |
|
|
|4 727
|a Грингольц
|b М. Л.
|g Мария Леонидовна
|
| 712 |
0 |
2 |
|a Российская академия наук
|b Институт нефтехимического синтеза им. А. В. Топчиева
|b Лаборатория кремнийорганических и углеводородных циклических соединений
|c (Москва)
|c (1991- )
|4 570
|9 23571
|
| 801 |
|
0 |
|a RU
|b 63413507
|c 20231207
|
| 942 |
|
|
|c BK
|